Normal view
MARC view
- Blatter, Silvio,
Entry Nombre Personal
001 - NUMERO DE CONTROL
- campo de control: 43481
003 - IDENTIFICADOR DE NUMERO DE CONTROL
- campo de control: UPN
005 - FECHA Y HORA DE LA ÜLTIMA TRANSACCIÓN
- campo de control: 20211105123811.0
008 - DATOS DE LONGITUD FIJA
- campo de control de longitud fija: 211105|g aca||aabn | aaa d
040 ## - FUENTE DE CATALOGACIÓN
- Agencia original de catalogación: UPN
053 #4 - NÚMERO DE CLASIFICACIÓN LC
- Número de clasificación elemento-número único o número inicial de tramo: PT2662 L3.8
100 1# - ENCABEZAMIENTO - NOMBRE PERSONAL
- Nombre personal: Blatter, Silvio,
- Fechas asociadas con el nombre: 1946-
670 ## - FUENTE EN LA QUE SE LOCALIZARON DATOS
- Cita de la fuente: LC
680 ## - NOTA PUBLICA DE ACCESO PÚBLICO
- Frase explicativa de la referencia: Escritor alemán
902 ## - CATALOGADOR
- Catalogador: CAA/051121
